Składy w finale siatkarskiej Ligi Narodów 2025 - Statystyki

Ogólne statystyki
  • Ten quiz został rozwiązany 36 razy
  • Średni wynik to 16 z 30
Statystyki odpowiedzi
Kraj Zawodnik % Poprawnych
Wilfredo Leon
94%
Jakub Kochanowski
87%
Tomasz Fornal
87%
Kewin Sasak
84%
Polska (trener) Nikola Grbić
84%
Jakub Nowak
81%
Polska Jakub Popiwczak
77%
Maksymilian Granieczny
77%
Marcin Komenda
74%
Kamil Semeniuk
71%
Artur Szalpuk
68%
Jan Firlej
68%
Szymon Jakubiszak
65%
Simone Gianelli
61%
Alessandro Michieletto
55%
Bartłomiej Bołądź
55%
Włochy Kamil Rychlicki
52%
Daniele Lavia
48%
Yuri Romano
48%
Włochy (trener) Ferdinando De Giorgi
45%
Fabio Balaso
39%
Gianluca Galassi
39%
Simone Anzani
32%
Mattia Bottolo
29%
Riccardo Sbertoli
29%
Luca Porro
13%
Giovanni Gargiulo
10%
Giovanni Sanguinetti
6%
Giovanni Sanguinetti
6%
Domenico Pace
3%
Nie znaleziono quizów pasujących do podanych kryteriów
Rozkład punktacji
Procent ludzi z każdym wynikiem
Percentyl według liczby udzielonych odpowiedzi
Twoja historia wyników
Nie rozwiązałeś tego quizu